[Event "St Petersburg Korchnoi Memorial op"]
[Site "St Petersburg"]
[Date "2024.08.17"]
[Round "2"]
[White "Vorobiov, Evgeny E"]
[Black "Khlypovka, Stepan"]
[Result "1-0"]
[WhiteElo "2400"]
[BlackElo "1974"]
[PlyCount "93"]
[EventDate "2024.08.17"]
[EventType "swiss"]
[EventRounds "9"]
[EventCountry "RUS"]
[SourceTitle "CB35_2024"]
[SourceDate "2024.08.28"]
[SourceVersion "1"]
[SourceVersionDate "2024.08.28"]
[SourceQuality "1"]

1. c4 e5 2. Nc3 Nf6 3. e3 g6 4. Nf3 d6 5. d4 Nbd7 6. g3 Bg7 7. Bg2 0-0 8. 0-0 c6 9. a4 a5 10. b3 exd4 11. Nxd4 Nc5 12. Qc2 Na6 13. Ba3 Nb4 14. Bxb4 axb4 15. Nce2 Qb6 16. Rad1 Rd8 17. Nf4 Nd7 18. Rd2 Nc5 19. h4 Nd7 20. Bh3 Ne5 21. Bxc8 Raxc8 22. Kg2 h5 23. Rfd1 Qc7 24. Nf3 Nxf3 25. Kxf3 Qe7 26. Qe4 Qxe4+ 27. Kxe4 Bf8 28. Kf3 Be7 29. Rc2 Bf6 30. Nd3 Bc3 31. Nc1 b5 32. axb5 cxb5 33. cxb5 Be5 34. Rxc8 Rxc8 35. Nd3 Bc3 36. Nf4 Rb8 37. Rxd6 Rxb5 38. Rd5 Rb8 39. Rc5 Ra8 40. Nd5 Bg7 41. Rb5 Ra1 42. Rxb4 Rd1 43. Rb8+ Bf8 44. Nf6+ Kg7 45. Ne4 Be7 46. Rb7 Kf8 47. b4 1-0

[Event "Moscow City Team-ch"]
[Site "Moscow"]
[Date "2021.09.13"]
[Round "3"]
[White "Khlypovka, Stepan"]
[Black "Volodin, Viktor Nikolaevich"]
[Result "0-1"]
[WhiteElo "1725"]
[BlackElo "2039"]
[PlyCount "74"]
[EventDate "2021.09.11"]
[EventType "team-swiss"]
[EventRounds "7"]
[EventCountry "RUS"]
[SourceTitle "EXT 2022"]
[Source "ChessBase"]
[SourceDate "2021.10.06"]
[SourceVersion "1"]
[SourceVersionDate "2021.10.06"]
[SourceQuality "1"]

1. d4 Nf6 2. Nf3 e6 3. Bg5 Be7 4. Nbd2 h6 5. Bh4 d5 6. e3 c5 7. c3 0-0 8. Bd3 b6 9. 0-0 Ba6 10. Bxa6 Nxa6 11. Ne5 Qe8 12. Qe2 Nc7 13. Bxf6 Bxf6 14. f4 Nb5 15. Rf3 Nd6 16. Rh3 Nf5 17. Rf1 Qe7 18. g4 Nh4 19. Ndf3 Nxf3+ 20. Qxf3 Bxe5 21. fxe5 f6 22. exf6 Rxf6 23. Qg2 Rxf1+ 24. Kxf1 Qg5 25. Qe2 Qg6 26. Kg2 Rf8 27. Rh5 Qe4+ 28. Kg3 cxd4 29. cxd4 Rc8 30. Re5 Qb1 31. Rxe6 Rc2 32. Qb5 Qg1+ 33. Kf4 Qxh2+ 34. Kf5 Qg2 35. Re5 Rf2+ 36. Ke6 Qxg4+ 37. Ke7 Qc8 0-1